Laboratory exercises in physical geology
Αποθηκεύτηκε σε:
| Κύριος συγγραφέας: | |
|---|---|
| Μορφή: | Βιβλίο |
| Γλώσσα: | English |
| Δημοσίευση: |
Dubuque :
Wm. C. Brown ,
1993
|
| Θέματα: | |
| Ετικέτες: |
Προσθήκη ετικέτας
Δεν υπάρχουν, Καταχωρήστε ετικέτα πρώτοι!
|
MARC
| LEADER | 00000nam a2200000 i 4500 | ||
|---|---|---|---|
| 001 | 1/93693 | ||
| 008 | 980820s1993 eng d | ||
| 020 | |a 0-697-14706-1 | ||
| 035 | |l 10008924 | ||
| 040 | |a GR-MY-UA |b gre |e aacr | ||
| 041 | 0 | |a eng | |
| 082 | 0 | |a 551 | |
| 100 | 1 | |a Ludman, Allan. | |
| 245 | 1 | 0 | |a Laboratory exercises in physical geology / |c Allan Ludman |
| 260 | |a Dubuque : |b Wm. C. Brown , |c 1993 | ||
| 300 | |a 228 p. |b maps | ||
| 650 | 0 | 0 | |a Physical geology |x Problems, exercises, etc. |
| 852 | |a INST |b LESVOS |e 19980820 |h 551 LUD |p 005100010881 |q 005100010881 |t BK |y 0 | ||
| 909 | |a Λ |b 036529 | ||
| 922 | |a 1ΕΛΗ |b 199409 |c ΧΑΛΒΑΔΑΚΗΣ | ||
| 950 | |a 012-1994-04-11 | ||